میگھ دوت ;; मेघदूत ;;meghduut / (Record no. 85416)
[ view plain ]
| 000 -LEADER | |
|---|---|
| fixed length control field | 00542naa a2200193 a 4500 |
| 001 - CONTROL NUMBER | |
| control field | 85416 |
| 003 - CONTROL NUMBER IDENTIFIER | |
| rucl marc code | BD-RjUL |
| 005 - DATE AND TIME OF LATEST TRANSACTION | |
| control field | 20250803151318.0 |
| 008 - FIXED-LENGTH DATA ELEMENTS--GENERAL INFORMATION | |
| fixed length control field | 250803s1946 ii ||||| |||| 00| 0 urd d |
| 035 ## - SYSTEM CONTROL NUMBER | |
| System control number | (BD-RjUL) 85416 |
| 040 ## - CATALOGING SOURCE | |
| Original cataloging agency | BD-RjUL |
| Language of cataloging | eng |
| Transcribing agency | BD-RjUL |
| 041 ## - LANGUAGE CODE | |
| Language code of text/sound track or separate title | urd |
| 082 ## - DEWEY DECIMAL CLASSIFICATION NUMBER | |
| Edition number | 23 |
| Classification number | 891.21 |
| Author mark and year | DAM 1964 |
| 100 ## - MAIN ENTRY--PERSONAL NAME | |
| Personal name | Kali Das |
| 9 (RLIN) | 16419 |
| 245 ## - TITLE STATEMENT | |
| Title | میگھ دوت ;; मेघदूत ;;meghduut / |
| Statement of responsibility, etc. | کالی داس ;; Kali Das |
| 260 ## - PUBLICATION, DISTRIBUTION, ETC. (IMPRINT) | |
| Place of publication, distribution, etc. | delhi : |
| Name of publisher, distributor, etc. | Mashura book , |
| Date of publication, distribution, etc. | 1964 |
| 650 ## - SUBJECT ADDED ENTRY--TOPICAL TERM | |
| Topical term or geographic name as entry element | Sanskrit Poetry |
| 9 (RLIN) | 15012 |
| 942 ## - ADDED ENTRY ELEMENTS (KOHA) | |
| Source of classification or shelving scheme | Dewey Decimal Classification |
| Koha item type | Books |
| Lost status | Source of classification or shelving scheme | Damaged status | Not for loan | Collection code | Permanent Location | Current Location | Shelving location | Date acquired | Full call number | Date last seen | Copy number | Koha item type |
|---|---|---|---|---|---|---|---|---|---|---|---|---|
| Dewey Decimal Classification | Not For Loan | Non-fiction | Central Library, University of Rajshahi | Central Library, University of Rajshahi | Reading Room | 03/08/2025 | U 891.21 KAM 1964 | 03/08/2025 | C-1 | Books |